000 00863nas a2200265 454500
001 44900
005 20260407193511.0
008 260407s2004####ag###########|||spa#d
003 AR-UNSa-BCEJYS
040 _aAR-UNSa-BCEJYS
_bspa
_cAR-UNSa-BCEJYS
080 _a331.5
_xMercado de Trabajo. Empleo
245 1 0 _aTrabajo, ocupación y empleo
264 1 _aBuenos Aires :
_bMinisterio de Trabajo, Empleo y Seguridad Social
_c2004
310 _aFrecuencia: Anual
041 _aspa
942 _cSER
590 _aniveau_biblio:s niveau_hierar:1
100 1 _aArgentina. Ministerio de Trabajo, Empleo y Seguridad Social
650 _aTrabajo
650 _aEmpleo
650 _aMercado de trabajo
650 _aSalario
650 _aRelaciones laborales
856 4 1 _uhttps://www.biblioeco.unsa.edu.ar/pmb/images/revistas/R21683.jpg
_yImagen de portada
_qimage/jpeg
999 _c8931
_d8931